|
|
|
|
| LEADER |
01689nam a2200361 a 4500 |
| 001 |
15090425 |
| 003 |
BD-DhAAL |
| 008 |
101207s2009 caua b 001 0 eng d |
| 010 |
|
|
|a 2007048239
|
| 020 |
|
|
|a 9780321536150
|
| 020 |
|
|
|a 0132324601 (hardcover : student ed.)
|
| 020 |
|
|
|a 9780132324601 (student ed.)
|
| 040 |
|
|
|a DNLM/DLC
|c DLC
|d DLC
|d BD-DhAAL
|
| 082 |
0 |
0 |
|a 579
|2 22
|
| 245 |
0 |
0 |
|a Brock biology of microorganisms /
|c Michael T. Madigan ... [et al.].
|
| 246 |
3 |
0 |
|a Biology of microorganisms
|
| 250 |
|
|
|a Twelfth edition.
|
| 260 |
|
|
|a San Francisco, CA :
|b Pearson/Benjamin Cummings,
|c c2009.
|
| 300 |
|
|
|a xxviii, 1061 pages :
|b ill. (chiefly col.) ;
|c 29 cm.
|
| 500 |
|
|
|a Includes index.
|
| 500 |
|
|
|a Rev. ed. of: Brock biology of microorganisms / Michael T. Madigan. 11th ed. 2006.
|
| 541 |
1 |
|
|e 00021570
|
| 650 |
|
0 |
|a Microbiology.
|
| 650 |
1 |
2 |
|a Microbiology.
|
| 700 |
1 |
|
|a Madigan, Michael T.,
|d 1949-
|9 60331
|
| 700 |
1 |
|
|a Madigan, Michael T.,
|d 1949-
|t Biology of microorganisms.
|9 60332
|
| 700 |
1 |
|
|a Brock, Thomas D.
|t Biology of microorganisms.
|9 60333
|
| 852 |
4 |
|
|a Ayesha Abed Library
|j General Shelf.
|
| 942 |
0 |
0 |
|0 1
|2 ddc
|c BK
|
| 999 |
|
|
|c 10173
|d 10173
|
| 952 |
|
|
|0 0
|1 0
|2 ddc
|4 0
|6 579_BRO
|7 0
|9 13523
|a BRACUL
|b BRACUL
|c GEN
|d 2010-12-08
|e TRIM EDUCATION
|g 4850.00
|l 21
|m 131
|o 579 BRO
|p 3010021570
|r 2025-06-03
|s 2025-02-20
|t 1
|w 2010-12-08
|y BK
|
| 952 |
|
|
|0 0
|1 0
|2 ddc
|4 0
|6 579_BRO
|7 0
|9 14314
|a BRACUL
|b BRACUL
|c CIR
|d 2011-02-02
|e TRIM EDUCATION
|l 24
|m 138
|o 579 BRO
|p 3010021883
|r 2024-02-14
|s 2024-02-14
|t 2
|w 2011-02-02
|y 1HOUR
|
| 952 |
|
|
|0 0
|1 0
|2 ddc
|4 0
|6 579_BRO
|7 0
|9 14315
|a BRACUL
|b BRACUL
|c GEN
|d 2011-02-02
|e TRIM EDUCATION
|l 30
|m 101
|o 579 BRO
|p 3010021884
|r 2024-11-12
|s 2024-10-24
|t 3
|w 2011-02-02
|y BK
|